Buddhist India / (Record no. 17668)

MARC details
000 -LEADER
fixed length control field 00846cam a22002651 4500
001 - CONTROL NUMBER
control field 8665830
003 - CONTROL NUMBER IDENTIFIER
control field ASL
005 - DATE AND TIME OF LATEST TRANSACTION
control field 20231015025623.0
008 - FIXED-LENGTH DATA ELEMENTS--GENERAL INFORMATION
fixed length control field 760205s1903 enk 000 0 eng c
010 ## - LIBRARY OF CONGRESS CONTROL NUMBER
LC control number 03014836
035 ## - SYSTEM CONTROL NUMBER
System control number (OCoLC)1969333
040 ## - CATALOGING SOURCE
Original cataloging agency N.Y. Pub. Libr.
Transcribing agency ASL
Modifying agency ASL
-- TxCM
042 ## - AUTHENTICATION CODE
Authentication code premarc
050 00 - LIBRARY OF CONGRESS CALL NUMBER
Classification number DS423
Item number .D2
082 ## - DEWEY DECIMAL CLASSIFICATION NUMBER
Item number DAB
Classification number 294.354
100 1# - MAIN ENTRY--PERSONAL NAME
Personal name Davids, T. W. Rhys
Fuller form of name (Thomas William Rhys),
Dates associated with a name 1843-1922.
245 10 - TITLE STATEMENT
Title Buddhist India /
Statement of responsibility, etc. T. W. Thys Davids
260 ## - PUBLICATION, DISTRIBUTION, ETC.
Place of publication, distribution, etc. London:
Name of publisher, distributor, etc. T. Fisher Unwin,
Place of publication, distribution, etc. New York,
Name of publisher, distributor, etc. G. P. Putnam's sons,
Date of publication, distribution, etc. 1903.
300 ## - PHYSICAL DESCRIPTION
Extent xv, 332 p.:
Other physical details illus., 1 map (fold.);
Dimensions 20 cm.
440 #0 - SERIES STATEMENT/ADDED ENTRY--TITLE
Title Story of the nations.
651 #0 - SUBJECT ADDED ENTRY--GEOGRAPHIC NAME
Geographic name India
General subdivision History.
Form subdivision Buddhist
-- Buddhism
Chronological subdivision Religion
651 #0 - SUBJECT ADDED ENTRY--GEOGRAPHIC NAME
Geographic name India
General subdivision Civilization.
906 ## - LOCAL DATA ELEMENT F, LDF (RLIN)
a 7
b cbc
c oclcrpl
d u
e ncip
f 19
g y-gencatlg
942 ## - ADDED ENTRY ELEMENTS (KOHA)
Source of classification or shelving scheme Dewey Decimal Classification
Koha item type Books
Holdings
Withdrawn status Lost status Source of classification or shelving scheme Damaged status Not for loan Collection code Home library Current library Shelving location Date acquired Source of acquisition Total Checkouts Full call number Barcode Date last seen Copy number Price effective from Koha item type Public note
    Dewey Decimal Classification   Not For Loan Non-fiction Asiatic Society Library Asiatic Society Library Harrison Collection 02/05/2020 Donated by Prof. John B. Harrison   294.354 DAB 100802 07/24/2017 C-1 07/24/2017 Books RARE
    Dewey Decimal Classification     Non-fiction Asiatic Society Library Asiatic Society Library Harrison Collection 04/20/2022 Donated by Prof. John B. Harrison   294.354 DAB 116503 04/20/2022 C-2 04/20/2022 Books RARE

Powered by Koha